Análisis de vinos / (Record no. 127018)

MARC details
000 -LEADER
campo de control de longitud fija 00712nam a2200205 4500
001 - NÚMERO DE CONTROL
campo de control 127018
003 - IDENTIFICADOR DE NÚMERO DE CONTROL
campo de control ES-MaACL
005 - FECHA Y HORA DE LA ÚLTIMA TRANSACCIÓN
campo de control 20251222200417.0
007 - CAMPO FIJO DE DESCRIPCIÓN FÍSICA--INFORMACIÓN GENERAL
campo de control de longitud fija t|
008 - DATOS DE LONGITUD FIJA--INFORMACIÓN GENERAL
campo de control de longitud fija 070214s1962 sp r ||||1| spa d
100 1# - ENTRADA PRINCIPAL--NOMBRE DE PERSONA
Nombre de persona Ribéreau-Gayon, J.
9 (RLIN) 96799
245 10 - MENCIÓN DEL TÍTULO
Título Análisis de vinos /
Mención de responsabilidad, etc. J. Ribéreau-Gayon, E. Peynaud ; versión española de C. Díez de Bethencourt ; revisión y prólogo de I. Mareca Cortés.
260 ## - PUBLICACIÓN, DISTRIBUCIÓN, ETC.
Lugar de publicación, distribución, etc. Madrid :
Nombre del editor, distribuidor, etc. Aguilar,
Fecha de publicación, distribución, etc. 1962.
300 ## - DESCRIPCIÓN FÍSICA
Extensión XXIV, 611 p., 2 lám. :
Otras características físicas il. ;
Dimensiones 22 cm.
700 1# - ENTRADA AGREGADA--NOMBRE PERSONAL
Nombre de persona Peynaud, Emile.
9 (RLIN) 91592
700 1# - ENTRADA AGREGADA--NOMBRE PERSONAL
Nombre de persona Díez de Bethencourt, C.
9 (RLIN) 44699
700 0# - ENTRADA AGREGADA--NOMBRE PERSONAL
Nombre de persona Mareca Cortés, Ildefonso
9 (RLIN) 76574
852 ## - LOCALIZACIÓN
Ubicación ES-MaACL
Número de control de estantería C-22701
Sublocalización o colección R.51483
Holdings
Estatus retirado Estado de pérdida Estado de daño No para préstamo Biblioteca de origen Biblioteca actual Ubicación en estantería Fecha de adquisición Fuente de adquisición Total de préstamos Signatura topográfica completa Código de barras Visto por última vez Precio de reemplazo Tipo de ítem Koha
        Biblioteca del Ateneo de Madrid Biblioteca del Ateneo de Madrid Galería 17/01/2008     C-22701 1132295 23/02/2023 23/02/2023 Libro impreso